000
00228 a2200097 4500
001
41079
100
_a
Safder Muhammad Hassan
245
_a
Qiadat Kay Taqazey
260
_a
Karachi
_b
Royal Book Company
_c
090
_c
25310
_d
25310
942
_a
NUST-CAE
_c
M
_c
17015
999
_c
276152
_d
276152